000 00361nam a2200145Ia 4500
005 20251222154407.0
008 251222s9999||||xx |||||||||||||| ||spa||
020 _a9786124509780
082 _a869.571/R47
100 _aReyme Wendell, Eduardo
245 0 _aLección de las Aves
250 _a1ra.ed.
264 _bGráficos Gutemberg, E.I.R.L.
942 _cLIB
999 _c35505
_d35505